Statistics for illicit affairs lyrics

Click here to take the quiz!

General Stats

  • This quiz has been taken 208 times
  • The average score is 217 of 239

Answer Stats

Lyrics% Correct
you,
100%
you
100%
You
100%
A
98%
a
98%
Don't
98%
don't
98%
I
98%
your
98%
affairs
97%
And
97%
and
97%
"baby,"
97%
call
97%
"kid,"
97%
me
97%
see
97%
when
97%
at
96%
illicit
96%
one
96%
the
96%
this
96%
about
95%
anyone
95%
can
95%
can't
95%
else
95%
for
95%
look
95%
made
95%
million
95%
show
95%
that
95%
They
95%
they
95%
thing
95%
time
95%
times
95%
with
95%
you're
95%
know
94%
little
94%
meetings
94%
no
94%
on
94%
colors
93%
mess
93%
out
93%
that's
93%
be
92%
fool
92%
showed
92%
Leave
91%
leave
91%
wanna
91%
damn
90%
in
90%
just
90%
myself
90%
ruin
90%
run,
90%
Tell
90%
What
90%
what
90%
would
90%
you'll
90%
friends
89%
lie,
89%
speak
89%
well,
89%
But
88%
language
88%
secret
88%
by
87%
him
87%
scream
87%
Take
87%
always
86%
idiotic
86%
return
86%
single
86%
are
85%
down
85%
even
85%
godforsaken
85%
head,
85%
like
85%
lots
85%
Make
85%
parking
85%
stares
85%
stop
85%
sure
85%
yourself
85%
dies,
84%
eyes
84%
flushed
84%
it
84%
nobody
84%
sees
84%
shelf
84%
taught
84%
exist
83%
perfume
83%
road
83%
beautiful
82%
Hood
82%
less
82%
rooms
82%
started
82%
behind,
81%
few
81%
first
81%
traveled
81%
ends
80%
hundred
80%
keep
80%
one
80%
over
80%
So
79%
trace
79%
only
78%
words
78%
drug
77%
high
77%
picked
77%
worked
77%
clandestine
76%
longing
76%
from
75%
their
75%
stolen
74%
It's
72%
truth
72%
glance
71%
born
69%
mercurial
67%
dwindling,
63%

Score Distribution

Percentile by Number Answered

Percent of People with Each Score

Your Score History

You have not taken this quiz